000
00310nam a22001457a 4500
008
210506b ||||| |||| 00| 0 eng d
020
_a
9780073383071
041
_a
eng
080
_2
10th
_a
573
082
_a
573
100
_a
11
101
_a
BIO
245
_a
Biology
_c
Kenneth A. Mason
942
_2
udc
_c
BK
999
_c
57081
_d
57081